000 00424nam a2200157Ia 4500
003 GCL
008 140319s9999 xx 000 0 ara d
040 _aGCL /
_cGCL
082 0 4 _aد
_b050
100 1 _aمحمد عاطف البرقوقى
245 1 0 _aالموج الساحر (اقرا 61 ) /
_cمحمد عاطف البرقوقى
300 _a120
490 _aاقرأ
_v0
650 0 4 _aالاسلكى
942 _2ddc
_cBK
999 _c48687
_d48687